000 01104cam a22003134a 4500
001 13543694
003 NUST-PNEC
005 20170116180818.0
008 040331s2004 vaua b 001 0 eng
010 _a 2004007429
020 _a-
040 _aDLC
_cLIBRARY
_dDLC
042 _apcc
043 _an-us---
050 0 0 _aUF503
_b.D75 2004
082 0 0 _a355.73 OSC
100 1 _aOSC (Ordance Systems Command)
_93796
245 1 0 _aWeapons systems fundamentals: elements of weapons systems Navord OP 3000 Vol-1
_cOrdance Systems Command
260 _bCommander, Naval Ordanance Systems Command,
_cc1971
300 _avarious pagings:
_bill. ;
_c26 cm.
440 0 _aOSC
_93799
504 _aIncludes bibliographical references and index.
650 _xWE, MIS
651 0 _aUnited States
_xArmed Forces
_xWeapons systems
_xEvaluation.
856 4 1 _3Table of contents
906 _a7
_bcbc
_corignew
_d1
_eecip
_f20
_gy-gencatlg
942 _2ddc
_cBK
999 _c63589
_d63589